London Underground Stations by Partial Image - Statistics

General Stats
  • This quiz has been taken 135 times
  • The average score is 13 of 16
Answer Stats
Picture Answer % Correct
London Bridge
96%
Embankment
94%
Earl's Court
93%
Whitechapel
90%
Canary Wharf
89%
Green Park
89%
Oxford Circus
88%
Baker Street
86%
Bermondsey
83%
Finchley Central
74%
St John's Wood
73%
Highbury & Islington
70%
Kennington
70%
West Ruislip
67%
Clapham South
51%
Snaresbrook
50%
No matching quizzes found
Score Distribution
Percent of People with Each Score
Percentile by Number Answered
Your Score History
You have not taken this quiz